<?xml version="1.0" encoding="UTF-8"?>
<collection xmlns="http://www.loc.gov/MARC21/slim">
 <record>
  <leader>00960nam a22002055a 4500</leader>
  <controlfield tag="001">EEA.libagro011467</controlfield>
  <controlfield tag="008">230206s2022####ag############000#0#spa#d</controlfield>
  <controlfield tag="005">20230613130138.0</controlfield>
  <datafield tag="245" ind1="1" ind2="0">
   <subfield code="a">Insectos benéficos asociados a las plantas :</subfield>
   <subfield code="b">Cartelería informativa para el Jardín Botánico Bahía Blanca /</subfield>
   <subfield code="c">Marta Susana Miranda.</subfield>
  </datafield>
  <datafield tag="260" ind1=" " ind2=" ">
   <subfield code="a">Bahía Blanca,</subfield>
   <subfield code="c">2022.</subfield>
  </datafield>
  <datafield tag="300" ind1=" " ind2=" ">
   <subfield code="a">20 h. :</subfield>
   <subfield code="b">il. col. ;</subfield>
   <subfield code="c">30 cm.</subfield>
  </datafield>
  <datafield tag="500" ind1=" " ind2=" ">
   <subfield code="a">Trabajo final (Técnico Universitario en Parques y Jardines) -- Universidad Nacional del Sur. Departamento de Agronomía, 2022.</subfield>
  </datafield>
  <datafield tag="530" ind1=" " ind2=" ">
   <subfield code="a">Disponible también en línea</subfield>
  </datafield>
  <datafield tag="100" ind1="1" ind2=" ">
   <subfield code="a">Miranda, Marta Susana.</subfield>
  </datafield>
  <datafield tag="700" ind1="1" ind2=" ">
   <subfield code="a">Villamil, Soledad Camila.,</subfield>
   <subfield code="e">tutor.</subfield>
  </datafield>
  <datafield tag="710" ind1="2" ind2=" ">
   <subfield code="a">Universidad Nacional del Sur.</subfield>
   <subfield code="b">Departamento de Agronomía.</subfield>
  </datafield>
  <datafield tag="082" ind1="0" ind2="4">
   <subfield code="a">595.7</subfield>
  </datafield>
  <datafield tag="650" ind1=" " ind2="7">
   <subfield code="a">Insectos benéficos</subfield>
   <subfield code="2">agrovoc</subfield>
  </datafield>
  <datafield tag="856" ind1=" " ind2=" ">
   <subfield code="y">ACCESO A TEXTO COMPLETO</subfield>
   <subfield code="u">https://repositoriodigital.uns.edu.ar/handle/123456789/6282</subfield>
  </datafield>
  <datafield tag="859" ind1=" " ind2=" ">
   <subfield code="a">AR-BbBCA</subfield>
   <subfield code="b">BIB. AGRONOMIA</subfield>
   <subfield code="h">595.7</subfield>
   <subfield code="i">M672</subfield>
   <subfield code="p">2023/7261</subfield>
  </datafield>
 </record>
</collection>
